Leyendas y tradiciones españolas (Record no. 94778)

MARC details
000 -LEADER
campo de control de longitud fija 00720nam a2200205 i 4500
001 - NÚMERO DE CONTROL
campo de control 94778
003 - IDENTIFICADOR DE NÚMERO DE CONTROL
campo de control ES-MaACL
005 - FECHA Y HORA DE LA ÚLTIMA TRANSACCIÓN
campo de control 20250930063107.0
007 - CAMPO FIJO DE DESCRIPCIÓN FÍSICA--INFORMACIÓN GENERAL
campo de control de longitud fija t|
008 - DATOS DE LONGITUD FIJA--INFORMACIÓN GENERAL
campo de control de longitud fija 050516q1956 sp ||||1| spa d
100 0# - ENTRADA PRINCIPAL--NOMBRE DE PERSONA
Nombre de persona Lozano, Cristóbal,
Fechas asociadas al nombre 1609-1667
9 (RLIN) 74412
245 10 - MENCIÓN DEL TÍTULO
Título Leyendas y tradiciones españolas
Resto del título : la vida, el amor y la guerra a través de los siglos /
Mención de responsabilidad, etc. Cristobál Lozano; edición y noticia preliminar de José Bergua.
260 ## - PUBLICACIÓN, DISTRIBUCIÓN, ETC.
Lugar de publicación, distribución, etc. Madrid :
Nombre del editor, distribuidor, etc. Ediciones Ibéricas,
Fecha de publicación, distribución, etc. 1956?
300 ## - DESCRIPCIÓN FÍSICA
Extensión 331 p. ;
Dimensiones 16 cm.
490 1# - MENCIÓN DE SERIE
Mención de serie Biblioteca de bolsillo
700 1# - ENTRADA AGREGADA--NOMBRE PERSONAL
Nombre de persona Bergua, José.
9 (RLIN) 28017
830 0# - PUNTO DE ACCESO ADICIONAL DE SERIE-TÍTULO UNIFORME
Título uniforme Biblioteca de Bolsillo
9 (RLIN) 177945
852 ## - LOCALIZACIÓN
Ubicación ES-MaACL
Número de control de estantería C-13528
Sublocalización o colección R.40301
Holdings
Estatus retirado Estado de pérdida Estado de daño No para préstamo Biblioteca de origen Biblioteca actual Ubicación en estantería Fecha de adquisición Fuente de adquisición Total de préstamos Signatura topográfica completa Código de barras Visto por última vez Precio de reemplazo Tipo de ítem Koha
        Biblioteca del Ateneo de Madrid Biblioteca del Ateneo de Madrid Sala Palomar 17/01/2008     C-13528 1098981 23/02/2023 23/02/2023 Libro impreso